LEADER 01272nam a2200301 i 4500 001 000000038088 003 CaOOAMICUS 005 20090713000000.0 008 090713s2006 it u000 u ita u 013 $a8493 020 $a88-215-5682-4 040 $aSeMil$bita 100 1 $aGibran, Kahlil <1883-1931>.$0(OLS)http://semarc/name/18254 240 14$aThe Prophet.$0(OLS)http://semarc/title/53628 245 13$aIl profeta /$cKahlil Gibran ; nuova edizione curata e tradotta da Francesco Medici. 260 $aCinisello Balsamo :$bSan Paolo,$ccopyr. 2006. 300 $a142 p. ;$c20 cm. 490 0 $aQuaderni della fenice ;$v25 500 $aContiene : Bibliografia. - Testo inglese a fronte. 600 14$aGibran, Kahlil Gibran <1883-1931>.$0(OLS)http://semarc/subject/7696 700 1 $aMedici, Francesco.$0(OLS)http://semarc/name/18255 830 0$aQuaderni della fenice ;$v25.$0(OLS)http://semarc/title/19650 850 $aSeMil 852 $aSeMil$W1$xVenegono$y1$m1O I 182$j4243$B4243$CSeMilBibl$Z2$F4243 $81 961 $aOmaggio: Donazione 996 $6020$a88-215-5682-4$9(OLS)http://semarc/number/7269 996 $6245$aIl profeta$9(OLS)http://semarc/title/53627 996 $6260$aCinisello Balsamo :$bSan Paolo$9(OLS)http://semarc/publisher/30129 LEADER 01113nam a2200289 i 4500 001 000000119857 003 CaOOAMICUS 005 20091021000000.0 008 091021s1990 it u000 u ita u 013 $a92551 020 $a88-10-40911-6 040 $aSeMil$bita 100 1 $aPozzoli, Luigi,$d<1932-2011>.$0(OLS)http://semarc/name/4230 245 10$aVincerą la Parola? :$btra scrittori e profeti /$cLuigi Pozzoli. 260 $aBologna :$bEDB,$c1990. 300 $a206 p. ;$c22 cm. 490 0 $aTeologia viva ;$v6 500 $aFondo Card. C.M. Martini. 650 4$aLetteratura e spiritualitą.$0(OLS)http://semarc/subject/5145 830 0$aTeologia viva ;$v6.$0(OLS)http://semarc/title/2664 850 $aSeMil 852 $aSeMil$W1$xVenegono$y1$m2F I 78$j75064$B75064$CSeMilBibl$Z2$F92530 $81 941 1 $a4 961 $aOmaggio: Martini Card. Carlo Maria 996 $6020$a88-10-40911-6$9(OLS)http://semarc/number/104902 996 $6245$aVincerą la Parola? :$btra scrittori e profeti$9(OLS)http://semarc/title/176266 996 $6260$aBologna :$bEDB$9(OLS)http://semarc/publisher/29669